| 000 | 00498nam a2200193Ia 4500 | ||
|---|---|---|---|
| 008 | 140110s9999 xx 000 0 und d | ||
| 020 |
_a9788127251208 _cRs.275.00 |
||
| 040 | _aLoreto College | ||
| 041 | _aEnglish | ||
| 082 |
_a910/KHU _bLCBED/14604 |
||
| 100 | _aKhullar, D.R. | ||
| 245 |
_aISC geography-II _cD.R. Khullar |
||
| 250 | _a4th rev.ed. | ||
| 260 |
_aLudhiana _bKalyani publishers _c2009 |
||
| 300 | _a458,102p. | ||
| 650 | _aGeography | ||
| 850 | _aLCBED/910/KHU | ||
| 942 | _cBK | ||
| 999 |
_c36491 _d86970 |
||